000 00650nam a2200181Ia 4500
008 100921s9999 xx 000 0 und d
082 _b28987
_a891.468 थ 90
100 _aटिकेकर अरूण.
245 _aसमाजस्पंदने.
260 _bश्रीविद्या प्रकाशन, पुणे.
_c1990
300 _a159
_bश्रीविद्या,पुणे
365 _b250
520 _aललित-संकीर्ण.
630 _aसमाजस्पंदने.
650 _aललित-संकीर्ण.
730 _aसमाजस्पंदने.
942 _cBOOK
999 _c778100
_d778097